000 00313nam a22001337a 4500
008 181226b xxu||||| |||| 00| 0 eng d
020 _a9781418836252
041 _aeng
080 _a004
100 _a39
101 _aSHK
245 _aAn Introduction to Programming Aliee
_cHerbert.CH.W
942 _2udc
_cBK
999 _c53790
_d53790